00323nam a22001097a 4500020000800000040001600008082001600024100002500040245007900065260003100144300003800175 qPB. cFIZZA ISHAQ a463.21bWIL aWilliams , Edwin B. aThe Bantam New College Spanish & English Dictionary /c Edwin B. Williams. aNew York:b Bantam,c1948. a370 P. ;c6.8 x 4.1 x 1.3 inches,